[Event "46th Greek Team Championship"]
[Site "chess24.com"]
[Date "2018.07.12"]
[Round "4"]
[White "Pavlidis, Pavlos"]
[Black "Papakonstantinou, Dimitrios 2"]
[Result "0-1"]
[Board "8"]
[WhiteElo "1906"]
[WhiteCountry "GRE"]
[WhiteFideId "4200616"]
[WhiteEloChange "-7"]
[BlackElo "2028"]
[BlackCountry "GRE"]
[BlackFideId "4250990"]
[BlackEloChange "7"]

1. e4 {[%clk 1:30:57]} c5 {[%clk 1:30:56]} 2. Nf3 {[%clk 1:31:21]} d6 {[%clk
1:31:21]} 3. Bb5+ {[%clk 1:31:45]} Bd7 {[%clk 1:31:31]} 4. Bxd7+ {[%clk 1:32:03]}
Qxd7 {[%clk 1:31:57]} 5. O-O {[%clk 1:32:25]} Nc6 {[%clk 1:32:03]} 6. c3 {[%clk
1:31:49]} Nf6 {[%clk 1:32:10]} 7. Re1 {[%clk 1:32:13]} e6 {[%clk 1:32:20]} 8. d4
{[%clk 1:32:16]} cxd4 {[%clk 1:32:43]} 9. cxd4 {[%clk 1:32:40]} d5 {[%clk
1:32:14]} 10. e5 {[%clk 1:32:59]} Ne4 {[%clk 1:32:40]} 11. Nbd2 {[%clk 1:32:22]}
Nxd2 {[%clk 1:33:02]} 12. Bxd2 {[%clk 1:32:47]} h6 {[%clk 1:30:56]} 13. Rc1
{[%clk 1:30:21]} Be7 {[%clk 1:31:21]} 14. Re3 {[%clk 1:25:26]} Rc8 {[%clk
1:29:38]} 15. Rec3 {[%clk 1:23:07]} O-O {[%clk 1:28:10]} 16. h3 {[%clk 1:15:10]}
Bd8 {[%clk 1:27:02]} 17. Be3 {[%clk 1:07:24]} Bb6 {[%clk 1:26:18]} 18. Qa4 {[%clk
1:04:59]} Rc7 {[%clk 1:21:57]} 19. Qd1 {[%clk 0:57:22]} Rfc8 {[%clk 1:15:40]} 20.
Nh2 {[%clk 0:54:38]} Ne7 {[%clk 1:14:06]} 21. Ng4 {[%clk 0:23:41]} Nf5 {[%clk
1:08:18]} 22. Qd2 {[%clk 0:21:12]} Rxc3 {[%clk 0:45:07]} 23. Rxc3 {[%clk
0:21:24]} Rxc3 {[%clk 0:44:51]} 24. bxc3 {[%clk 0:06:30]} Qb5 {[%clk 0:43:44]}
25. Bf4 {[%clk 0:03:27]} Ba5 {[%clk 0:34:50]} 26. Ne3 {[%clk 0:03:12]} Nxe3
{[%clk 0:35:16]} 27. Bxe3 {[%clk 0:03:18]} Qc6 {[%clk 0:35:19]} 28. Bxh6 {[%clk
0:01:00]} gxh6 {[%clk 0:35:42]} 29. Qxh6 {[%clk 0:01:27]} Qxc3 {[%clk 0:32:20]}
30. Qg5+ {[%clk 0:01:45]} Kf8 {[%clk 0:32:44]} 31. Qh6+ {[%clk 0:02:11]} Ke7
{[%clk 0:31:40]} 32. Qf6+ {[%clk 0:02:36]} Ke8 {[%clk 0:32:04]} 33. Qh8+ {[%clk
0:03:01]} Kd7 {[%clk 0:32:28]} 34. Qf6 {[%clk 0:02:08]} Bd8 {[%clk 0:32:54]} 35.
Qxf7+ {[%clk 0:02:24]} Be7 {[%clk 0:33:24]} 36. Qf4 {[%clk 0:01:45]} b5 {[%clk
0:33:44]} 37. h4 {[%clk 0:01:54]} Qe1+ {[%clk 0:34:11]} 38. Kh2 {[%clk 0:02:12]}
Qe4 {[%clk 0:34:39]} 39. Qd2 {[%clk 0:00:41]} Qxh4+ {[%clk 0:35:04]} 40. Kg1
{[%clk 0:31:09]} b4 {[%clk 1:05:23]} 41. Qd3 {[%clk 0:29:28]} Ke8 {[%clk
0:52:54]} 42. Qg6+ {[%clk 0:25:50]} Kd8 {[%clk 0:53:20]} 43. Qxe6 {[%clk
0:23:17]} Qxd4 {[%clk 0:53:39]} 44. g4 {[%clk 0:21:49]} Qd2 {[%clk 0:48:52]} 45.
Kg2 {[%clk 0:15:08]} Bc5 {[%clk 0:30:37]} 46. Qf6+ {[%clk 0:07:19]} Kc7 {[%clk
0:30:58]} 47. g5 {[%clk 0:04:37]} Bxf2 {[%clk 0:22:17]} 48. Qxf2 {[%clk 0:03:33]}
Qxg5+ {[%clk 0:12:13]} 49. Kf1 {[%clk 0:03:35]} Qxe5 {[%clk 0:12:41]} 50. Qxa7+
{[%clk 0:04:00]} Kc6 {[%clk 0:13:04]} 51. Qa6+ {[%clk 0:02:20]} Kc5 {[%clk
0:13:20]} 52. Qa5+ {[%clk 0:01:42]} Kc4 {[%clk 0:13:34]} 53. Qa6+ {[%clk
0:02:05]} Kc3 {[%clk 0:12:08]} 54. Qa4 {[%clk 0:01:39]} Qf5+ {[%clk 0:12:16]} 55.
Kg1 {[%clk 0:01:23]} Qb1+ {[%clk 0:12:41]} 56. Kf2 {[%clk 0:01:44]} Qc2+ {[%clk
0:13:10]} 0-1

[Event "46th Greek Team Championship"]
[Site "chess24.com"]
[Date "2018.07.12"]
[Round "4"]
[White "Banikas, Hristos"]
[Black "Nikolov, Momchil"]
[Result "1/2-1/2"]
[Board "1"]
[WhiteElo "2591"]
[WhiteTitle "GM"]
[WhiteCountry "GRE"]
[WhiteFideId "4202031"]
[WhiteEloChange "-1"]
[BlackElo "2551"]
[BlackTitle "GM"]
[BlackCountry "FID"]
[BlackFideId "2905710"]
[BlackEloChange "1"]

1. d4 {[%clk 1:30:57]} Nf6 {[%clk 1:29:54]} 2. c4 {[%clk 1:31:19]} e6 {[%clk
1:30:16]} 3. Nf3 {[%clk 1:31:43]} b6 {[%clk 1:30:38]} 4. g3 {[%clk 1:32:08]} Bb7
{[%clk 1:31:02]} 5. Bg2 {[%clk 1:32:29]} Be7 {[%clk 1:31:15]} 6. O-O {[%clk
1:32:38]} O-O {[%clk 1:31:34]} 7. b3 {[%clk 1:33:02]} c5 {[%clk 1:26:32]} 8. dxc5
{[%clk 1:32:19]} bxc5 {[%clk 1:25:07]} 9. Bb2 {[%clk 1:32:45]} d6 {[%clk
1:22:24]} 10. Nc3 {[%clk 1:33:06]} Qb6 {[%clk 1:21:09]} 11. Qc2 {[%clk 1:32:56]}
h6 {[%clk 1:14:17]} 12. Rad1 {[%clk 1:32:55]} Rd8 {[%clk 1:13:45]} 13. Rd2 {[%clk
1:23:00]} a6 {[%clk 1:11:39]} 14. Rfd1 {[%clk 1:20:29]} Nc6 {[%clk 1:10:04]} 15.
Qb1 {[%clk 1:18:01]} Qc7 {[%clk 1:06:21]} 16. Ne1 {[%clk 1:17:08]} Nd4 {[%clk
1:01:29]} 17. Ne4 {[%clk 1:15:59]} Nxe4 {[%clk 1:00:17]} 18. Bxe4 {[%clk
1:16:21]} Bxe4 {[%clk 0:57:30]} 19. Qxe4 {[%clk 1:16:46]} Nf5 {[%clk 0:55:20]}
20. Ng2 {[%clk 1:14:36]} Rab8 {[%clk 0:46:09]} 21. Qg4 {[%clk 1:09:35]} Bf8
{[%clk 0:36:51]} 22. Nf4 {[%clk 1:08:31]} Ne7 {[%clk 0:35:58]} 23. e4 {[%clk
1:04:04]} e5 {[%clk 0:29:22]} 24. Nd5 {[%clk 1:01:18]} Nxd5 {[%clk 0:29:30]} 25.
Rxd5 {[%clk 1:01:45]} Re8 {[%clk 0:27:35]} 26. f4 {[%clk 0:56:35]} f6 {[%clk
0:16:04]} 27. Bc1 {[%clk 0:49:56]} Kh8 {[%clk 0:15:11]} 28. Qg6 {[%clk 0:48:55]}
Qc8 {[%clk 0:09:42]} 29. fxe5 {[%clk 0:48:36]} Rxe5 {[%clk 0:08:41]} 30. Bf4
{[%clk 0:44:14]} Rxd5 {[%clk 0:07:43]} 31. Rxd5 {[%clk 0:44:05]} Qe6 {[%clk
0:03:18]} 32. h4 {[%clk 0:43:15]} Re8 {[%clk 0:01:49]} 33. Kf2 {[%clk 0:43:40]}
a5 {[%clk 0:01:15]} 34. Qf5 {[%clk 0:40:35]} a4 {[%clk 0:01:07]} 35. Kf3 {[%clk
0:38:52]} axb3 {[%clk 0:01:08]} 36. axb3 {[%clk 0:39:19]} Kg8 {[%clk 0:01:05]}
37. Qxe6+ {[%clk 0:38:25]} Rxe6 {[%clk 0:01:33]} 38. h5 {[%clk 0:38:49]} Kf7
{[%clk 0:01:13]} 39. Rd2 {[%clk 0:38:53]} g5 {[%clk 0:00:37]} 40. hxg6+ {[%clk
1:09:02]} Kxg6 {[%clk 0:31:06]} 41. g4 {[%clk 1:08:29]} Kf7 {[%clk 0:27:24]} 42.
Rd5 {[%clk 0:54:01]} Kg6 {[%clk 0:27:31]} 43. Bh2 {[%clk 0:52:11]} Kf7 {[%clk
0:27:09]} 44. Bg3 {[%clk 0:52:36]} Kg6 {[%clk 0:27:27]} 45. Be1 {[%clk 0:51:18]}
Re8 {[%clk 0:13:18]} 46. b4 {[%clk 0:51:35]} cxb4 {[%clk 0:13:40]} 47. Bxb4
{[%clk 0:52:02]} Rc8 {[%clk 0:13:29]} 48. Bxd6 {[%clk 0:51:09]} Bxd6 {[%clk
0:13:49]} 49. Rxd6 {[%clk 0:51:33]} Rxc4 {[%clk 0:13:50]} 50. e5 {[%clk 0:51:58]}
Kg5 {[%clk 0:12:38]} 51. e6 {[%clk 0:47:21]} f5 {[%clk 0:07:27]} 52. gxf5 {[%clk
0:44:33]} Kxf5 {[%clk 0:07:38]} 53. e7 {[%clk 0:44:51]} Rf4+ {[%clk 0:08:00]} 54.
Kg3 {[%clk 0:45:15]} 1/2-1/2

[Event "46th Greek Team Championship"]
[Site "chess24.com"]
[Date "2018.07.12"]
[Round "4"]
[White "Kontopanagos, Ioannis"]
[Black "Gkikas, Ioannis"]
[Result "0-1"]
[Board "9"]
[WhiteElo "1440"]
[WhiteCountry "GRE"]
[WhiteFideId "4282213"]
[WhiteEloChange "-7"]
[BlackElo "1553"]
[BlackCountry "GRE"]
[BlackFideId "4264550"]
[BlackEloChange "7"]

1. d4 {[%clk 1:30:58]} Nf6 {[%clk 1:30:52]} 2. c4 {[%clk 1:31:22]} e6 {[%clk
1:31:14]} 3. Nc3 {[%clk 1:31:46]} Bb4 {[%clk 1:31:39]} 4. e3 {[%clk 1:32:11]} b6
{[%clk 1:31:39]} 5. Ne2 {[%clk 1:32:23]} Ba6 {[%clk 1:31:41]} 6. a3 {[%clk
1:32:17]} Bxc3+ {[%clk 1:28:00]} 7. Nxc3 {[%clk 1:32:39]} O-O {[%clk 1:25:39]} 8.
Bd3 {[%clk 1:32:11]} Nc6 {[%clk 1:25:07]} 9. b4 {[%clk 1:30:26]} Bb7 {[%clk
1:23:22]} 10. O-O {[%clk 1:28:24]} d5 {[%clk 1:19:30]} 11. cxd5 {[%clk 1:16:24]}
Nxd5 {[%clk 1:18:32]} 12. Bb2 {[%clk 1:11:59]} Qg5 {[%clk 1:13:53]} 13. Ne4
{[%clk 1:06:45]} Qh6 {[%clk 1:13:03]} 14. Nd2 {[%clk 0:50:48]} Nxe3 {[%clk
1:00:42]} 15. Bxh7+ {[%clk 0:45:47]} Kxh7 {[%clk 1:00:27]} 16. fxe3 {[%clk
0:45:38]} Qxe3+ {[%clk 0:57:03]} 17. Kh1 {[%clk 0:43:44]} Ne7 {[%clk 0:55:30]}
18. Nf3 {[%clk 0:40:52]} Kg8 {[%clk 0:48:59]} 19. Qc2 {[%clk 0:31:26]} Rac8
{[%clk 0:42:28]} 20. Bc1 {[%clk 0:30:22]} Qe4 {[%clk 0:41:38]} 21. Qf2 {[%clk
0:29:06]} Nf5 {[%clk 0:38:21]} 22. Ra2 {[%clk 0:24:22]} Qg4 {[%clk 0:30:47]} 23.
Rd2 {[%clk 0:17:40]} Bxf3 {[%clk 0:26:22]} 24. gxf3 {[%clk 0:15:24]} Qh4 {[%clk
0:26:32]} 25. Qg1 {[%clk 0:15:06]} Rfd8 {[%clk 0:25:38]} 26. Rg2 {[%clk 0:13:26]}
Qxd4 {[%clk 0:22:28]} 27. Rff2 {[%clk 0:09:30]} e5 {[%clk 0:12:18]} 28. Bb2
{[%clk 0:07:38]} Qd5 {[%clk 0:09:10]} 29. Rg5 {[%clk 0:06:20]} Qe6 {[%clk
0:06:19]} 30. Rfg2 {[%clk 0:04:38]} f6 {[%clk 0:04:31]} 31. Rh5 {[%clk 0:03:54]}
Rd7 {[%clk 0:03:48]} 32. Qb1 {[%clk 0:03:40]} Rcd8 {[%clk 0:03:11]} 33. Rg1
{[%clk 0:02:56]} Rd3 {[%clk 0:03:14]} 34. Qf1 {[%clk 0:02:18]} Kf7 {[%clk
0:01:13]} 35. Qg2 {[%clk 0:00:50]} g5 {[%clk 0:00:41]} 36. Bc1 {[%clk 0:00:35]}
Rd1 {[%clk 0:00:39]} 37. Bb2 {[%clk 0:00:35]} Ne3 {[%clk 0:00:41]} 38. Qe2 {[%clk
0:00:36]} Rxg1+ {[%clk 0:00:50]} 39. Kxg1 {[%clk 0:01:00]} Qb3 {[%clk 0:00:49]}
40. h3 {[%clk 0:30:32]} Qd1+ {[%clk 0:30:53]} 41. Qxd1 {[%clk 0:29:50]} Nxd1
{[%clk 0:29:39]} 42. Rh7+ {[%clk 0:28:48]} Kg6 {[%clk 0:30:01]} 43. Rxc7 {[%clk
0:29:12]} Nxb2 {[%clk 0:30:26]} 44. Rxa7 {[%clk 0:29:28]} Rd3 {[%clk 0:30:23]}
45. Kg2 {[%clk 0:27:30]} Nc4 {[%clk 0:29:48]} 46. a4 {[%clk 0:27:29]} Rb3 {[%clk
0:29:54]} 47. b5 {[%clk 0:27:24]} Rb2+ {[%clk 0:29:06]} 48. Kg1 {[%clk 0:26:42]}
Kf5 {[%clk 0:29:16]} 49. Rc7 {[%clk 0:26:45]} Rb4 {[%clk 0:29:02]} 0-1

[Event "46th Greek Team Championship"]
[Site "chess24.com"]
[Date "2018.07.12"]
[Round "4"]
[White "Serpetsidaki, Eva"]
[Black "Mastrakouli, Evagelia"]
[Result "0-1"]
[Board "6"]
[WhiteElo "1591"]
[WhiteCountry "GRE"]
[WhiteFideId "4248902"]
[WhiteEloChange "-5"]
[BlackElo "1779"]
[BlackCountry "GRE"]
[BlackFideId "4229347"]
[BlackEloChange "5"]

1. e4 {[%clk 1:30:59]} c5 {[%clk 1:30:47]} 2. Nc3 {[%clk 1:31:25]} Nc6 {[%clk
1:30:30]} 3. g3 {[%clk 1:31:49]} g6 {[%clk 1:28:57]} 4. Bg2 {[%clk 1:32:10]} Bg7
{[%clk 1:29:23]} 5. d3 {[%clk 1:32:35]} d6 {[%clk 1:28:52]} 6. Be3 {[%clk
1:32:55]} Nf6 {[%clk 1:26:15]} 7. h3 {[%clk 1:32:55]} Qa5 {[%clk 1:20:04]} 8. Ne2
{[%clk 1:32:27]} Rb8 {[%clk 1:04:59]} 9. O-O {[%clk 1:32:47]} b5 {[%clk 0:54:09]}
10. Qd2 {[%clk 1:33:08]} O-O {[%clk 0:38:35]} 11. f4 {[%clk 1:33:26]} Bb7 {[%clk
0:35:08]} 12. g4 {[%clk 1:32:38]} e6 {[%clk 0:28:12]} 13. f5 {[%clk 1:28:43]} b4
{[%clk 0:27:23]} 14. Nd1 {[%clk 1:23:39]} Nd7 {[%clk 0:24:54]} 15. Bh6 {[%clk
1:22:55]} Qd8 {[%clk 0:20:49]} 16. Bxg7 {[%clk 1:17:23]} Kxg7 {[%clk 0:21:15]}
17. Ng3 {[%clk 1:16:52]} Qh4 {[%clk 0:18:08]} 18. Qf4 {[%clk 1:07:43]} e5 {[%clk
0:17:59]} 19. Qf2 {[%clk 1:08:07]} Qg5 {[%clk 0:16:16]} 20. Ne3 {[%clk 1:08:02]}
Kh8 {[%clk 0:15:17]} 21. f6 {[%clk 1:06:08]} Rbe8 {[%clk 0:13:25]} 22. Ne2 {[%clk
1:05:40]} Re6 {[%clk 0:12:49]} 23. Nd5 {[%clk 1:06:05]} Nd4 {[%clk 0:12:08]} 24.
Nxd4 {[%clk 1:00:04]} exd4 {[%clk 0:12:34]} 25. Qg3 {[%clk 0:52:26]} Bxd5 {[%clk
0:11:57]} 26. exd5 {[%clk 0:52:25]} Rxf6 {[%clk 0:12:07]} 27. Rxf6 {[%clk
0:47:20]} Qxf6 {[%clk 0:12:34]} 28. a3 {[%clk 0:47:41]} a5 {[%clk 0:10:50]} 29.
axb4 {[%clk 0:48:04]} axb4 {[%clk 0:11:15]} 30. Ra6 {[%clk 0:48:24]} Ne5 {[%clk
0:11:35]} 31. Qf2 {[%clk 0:48:33]} Qxf2+ {[%clk 0:10:38]} 32. Kxf2 {[%clk
0:48:47]} b3 {[%clk 0:06:28]} 33. cxb3 {[%clk 0:46:13]} Nxd3+ {[%clk 0:06:52]}
34. Ke2 {[%clk 0:46:39]} Nf4+ {[%clk 0:04:52]} 35. Kf2 {[%clk 0:47:03]} Rd8
{[%clk 0:04:59]} 36. Be4 {[%clk 0:47:17]} Nxh3+ {[%clk 0:04:50]} 37. Kg3 {[%clk
0:47:17]} Ng5 {[%clk 0:05:13]} 38. Bd3 {[%clk 0:47:33]} Kg7 {[%clk 0:05:04]} 39.
Kf4 {[%clk 0:47:13]} h6 {[%clk 0:04:18]} 40. Bc4 {[%clk 1:17:27]} Kf6 {[%clk
0:32:55]} 41. Bd3 {[%clk 1:17:30]} Nh7 {[%clk 0:25:48]} 42. Bc4 {[%clk 1:17:45]}
Nf8 {[%clk 0:25:52]} 43. Bd3 {[%clk 1:18:06]} g5+ {[%clk 0:25:33]} 44. Ke4 {[%clk
1:18:24]} Re8+ {[%clk 0:25:31]} 0-1

[Event "46th Greek Team Championship"]
[Site "chess24.com"]
[Date "2018.07.12"]
[Round "4"]
[White "Kazakos, Nikolaos"]
[Black "Gkaripis, Marios Ilias"]
[Result "0-1"]
[Board "10"]
[WhiteElo "1375"]
[WhiteCountry "GRE"]
[WhiteFideId "25833146"]
[WhiteEloChange "-10"]
[BlackElo "1374"]
[BlackCountry "GRE"]
[BlackFideId "25825801"]
[BlackEloChange "10"]

1. e4 {[%clk 1:30:52]} c6 {[%clk 1:30:50]} 2. d4 {[%clk 1:31:12]} d5 {[%clk
1:31:12]} 3. Nc3 {[%clk 1:31:26]} dxe4 {[%clk 1:31:18]} 4. Nxe4 {[%clk 1:31:50]}
Bf5 {[%clk 1:31:31]} 5. Ng3 {[%clk 1:32:31]} Bg6 {[%clk 1:32:23]} 6. Nh3 {[%clk
1:31:36]} h6 {[%clk 1:29:57]} 7. Nf4 {[%clk 1:31:10]} Bh7 {[%clk 1:29:30]} 8. c3
{[%clk 1:30:11]} e6 {[%clk 1:27:57]} 9. Bd3 {[%clk 1:30:11]} Bxd3 {[%clk
1:27:17]} 10. Nxd3 {[%clk 1:26:22]} Bd6 {[%clk 1:24:44]} 11. Ne4 {[%clk 1:26:30]}
Bc7 {[%clk 1:23:01]} 12. Qf3 {[%clk 1:24:24]} Nd7 {[%clk 1:19:23]} 13. Bf4 {[%clk
1:24:24]} Ngf6 {[%clk 1:13:36]} 14. Nd6+ {[%clk 1:24:21]} Bxd6 {[%clk 1:12:38]}
15. Bxd6 {[%clk 1:24:45]} Nb6 {[%clk 1:11:23]} 16. Bg3 {[%clk 1:21:45]} O-O
{[%clk 1:08:08]} 17. O-O {[%clk 1:21:43]} Nc4 {[%clk 1:05:39]} 18. Rad1 {[%clk
1:21:39]} Qd5 {[%clk 0:58:24]} 19. Qxd5 {[%clk 1:21:13]} Nxd5 {[%clk 0:58:24]}
20. Rfe1 {[%clk 1:21:13]} Rfd8 {[%clk 0:52:08]} 21. Re2 {[%clk 1:18:36]} a5
{[%clk 0:52:08]} 22. h3 {[%clk 1:16:17]} a4 {[%clk 0:46:35]} 23. Nf4 {[%clk
1:15:40]} Nxf4 {[%clk 0:41:10]} 24. Bxf4 {[%clk 1:16:04]} Rd7 {[%clk 0:40:19]}
25. Rde1 {[%clk 1:11:58]} Ra6 {[%clk 0:37:54]} 26. Be3 {[%clk 1:08:39]} Nxe3
{[%clk 0:31:57]} 27. fxe3 {[%clk 1:08:53]} Rb6 {[%clk 0:31:51]} 28. Kf2 {[%clk
1:07:42]} Rd5 {[%clk 0:30:30]} 29. Kf3 {[%clk 1:06:42]} Rdb5 {[%clk 0:28:21]} 30.
Rb1 {[%clk 1:06:24]} Kh7 {[%clk 0:28:05]} 31. Ke4 {[%clk 1:06:40]} Kg6 {[%clk
0:27:56]} 32. Rf2 {[%clk 1:06:58]} f6 {[%clk 0:26:28]} 33. Kd3 {[%clk 1:06:44]}
Rf5 {[%clk 0:23:32]} 34. Rxf5 {[%clk 1:06:13]} Kxf5 {[%clk 0:22:46]} 35. Rf1+
{[%clk 1:06:36]} Kg5 {[%clk 0:22:33]} 36. Kc2 {[%clk 1:06:57]} Rb5 {[%clk
0:17:43]} 37. Rf4 {[%clk 1:06:41]} Kg6 {[%clk 0:16:59]} 38. c4 {[%clk 1:04:32]}
Rg5 {[%clk 0:15:48]} 39. Rf2 {[%clk 1:33:42]} Rg3 {[%clk 0:45:13]} 40. Kd3 {[%clk
1:33:52]} f5 {[%clk 0:36:36]} 41. Ke2 {[%clk 1:31:48]} b6 {[%clk 0:33:41]} 42.
Kd2 {[%clk 1:31:32]} Kg5 {[%clk 0:32:01]} 43. Ke2 {[%clk 1:31:34]} Kg6 {[%clk
0:31:49]} 44. Kd2 {[%clk 1:31:56]} Kg5 {[%clk 0:31:33]} 45. Ke2 {[%clk 1:31:57]}
Kh5 {[%clk 0:29:07]} 46. Kd2 {[%clk 1:32:02]} g5 {[%clk 0:27:57]} 47. Re2 {[%clk
1:31:01]} g4 {[%clk 0:23:59]} 48. hxg4+ {[%clk 1:31:17]} Rxg4 {[%clk 0:22:14]}
49. Ke1 {[%clk 1:31:25]} Re4 {[%clk 0:20:50]} 50. Kf2 {[%clk 1:27:42]} Kg4 {[%clk
0:18:33]} 51. b3 {[%clk 1:25:57]} axb3 {[%clk 0:18:13]} 52. axb3 {[%clk 1:26:21]}
f4 {[%clk 0:16:29]} 53. exf4 {[%clk 1:25:48]} Rxe2+ {[%clk 0:13:47]} 54. Kxe2
{[%clk 1:26:11]} Kxf4 {[%clk 0:14:04]} 55. Kd3 {[%clk 1:26:39]} h5 {[%clk
0:13:03]} 56. c5 {[%clk 1:25:40]} b5 {[%clk 0:11:56]} 57. Kc3 {[%clk 1:22:15]}
Ke3 {[%clk 0:09:13]} 58. g3 {[%clk 1:22:15]} Ke4 {[%clk 0:08:46]} 59. Kb4 {[%clk
1:21:21]} Kxd4 {[%clk 0:08:44]} 60. Ka5 {[%clk 1:21:46]} Kxc5 {[%clk 0:08:42]}
61. b4+ {[%clk 1:22:07]} Kd5 {[%clk 0:08:45]} 62. Kb6 {[%clk 1:22:23]} e5 {[%clk
0:09:06]} 63. Kc7 {[%clk 1:22:44]} e4 {[%clk 0:09:19]} 64. Kd7 {[%clk 1:23:12]}
e3 {[%clk 0:09:38]} 65. Ke7 {[%clk 1:23:37]} e2 {[%clk 0:09:53]} 66. Kd7 {[%clk
1:24:01]} e1Q {[%clk 0:10:05]} 67. g4 {[%clk 1:24:27]} hxg4 {[%clk 0:10:16]} 68.
Kc7 {[%clk 1:24:40]} c5 {[%clk 0:10:03]} 69. bxc5 {[%clk 1:25:01]} Kxc5 {[%clk
0:10:24]} 70. Kd7 {[%clk 1:25:25]} b4 {[%clk 0:10:42]} 71. Kc7 {[%clk 1:25:48]}
b3 {[%clk 0:11:00]} 72. Kb7 {[%clk 1:26:14]} b2 {[%clk 0:11:07]} 73. Kc7 {[%clk
1:26:35]} b1Q {[%clk 0:11:14]} 74. Kc8 {[%clk 1:26:57]} Qe8+ {[%clk 0:11:15]} 75.
Kc7 {[%clk 1:27:11]} Qb6# {[%clk 0:11:38]} 0-1

[Event "46th Greek Team Championship"]
[Site "chess24.com"]
[Date "2018.07.12"]
[Round "4"]
[White "Videnova, Iva"]
[Black "Fragkou, Eleni"]
[Result "0-1"]
[Board "5"]
[WhiteElo "2369"]
[WhiteTitle "IM"]
[WhiteCountry "FID"]
[WhiteFideId "2907763"]
[WhiteEloChange "-18"]
[BlackElo "1979"]
[BlackCountry "GRE"]
[BlackFideId "4221150"]
[BlackEloChange "18"]

1. e4 {[%clk 1:30:52]} c5 {[%clk 1:30:50]} 2. Nf3 {[%clk 1:31:13]} d6 {[%clk
1:31:11]} 3. d4 {[%clk 1:31:40]} cxd4 {[%clk 1:31:34]} 4. Nxd4 {[%clk 1:32:06]}
Nf6 {[%clk 1:31:56]} 5. Nc3 {[%clk 1:32:33]} a6 {[%clk 1:32:20]} 6. Bg5 {[%clk
1:32:58]} e6 {[%clk 1:32:43]} 7. f4 {[%clk 1:33:24]} Qb6 {[%clk 1:33:05]} 8. Nb3
{[%clk 1:33:47]} Nbd7 {[%clk 1:33:13]} 9. Qe2 {[%clk 1:31:01]} Qc7 {[%clk
1:29:45]} 10. O-O-O {[%clk 1:31:08]} b5 {[%clk 1:27:42]} 11. a3 {[%clk 1:30:57]}
Bb7 {[%clk 1:25:35]} 12. g4 {[%clk 1:27:05]} Be7 {[%clk 1:22:12]} 13. Bg2 {[%clk
1:26:50]} O-O-O {[%clk 1:00:14]} 14. Nd4 {[%clk 1:07:46]} Nb6 {[%clk 0:53:51]}
15. Bh4 {[%clk 0:57:07]} Nc4 {[%clk 0:44:21]} 16. a4 {[%clk 0:41:13]} bxa4 {[%clk
0:37:37]} 17. Nxa4 {[%clk 0:41:11]} Kb8 {[%clk 0:30:47]} 18. b3 {[%clk 0:39:43]}
Nb6 {[%clk 0:21:50]} 19. Nxb6 {[%clk 0:39:35]} Qxb6 {[%clk 0:22:13]} 20. Kb2
{[%clk 0:37:43]} Rc8 {[%clk 0:16:09]} 21. Bf2 {[%clk 0:34:32]} Qb4 {[%clk
0:15:20]} 22. c4 {[%clk 0:33:11]} d5 {[%clk 0:14:38]} 23. Nc2 {[%clk 0:33:06]}
Qa5 {[%clk 0:12:36]} 24. exd5 {[%clk 0:32:38]} Nxd5 {[%clk 0:11:25]} 25. cxd5
{[%clk 0:27:57]} Qc3+ {[%clk 0:11:43]} 26. Ka2 {[%clk 0:18:16]} Qxc2+ {[%clk
0:12:07]} 27. Qxc2 {[%clk 0:18:25]} Rxc2+ {[%clk 0:12:31]} 28. Kb1 {[%clk
0:18:25]} Rxf2 {[%clk 0:12:49]} 29. d6 {[%clk 0:18:11]} Bf6 {[%clk 0:11:38]} 30.
Bxb7 {[%clk 0:17:48]} Kxb7 {[%clk 0:12:02]} 31. g5 {[%clk 0:17:47]} Bc3 {[%clk
0:09:46]} 32. Rd3 {[%clk 0:11:45]} Ba5 {[%clk 0:07:35]} 33. Rd4 {[%clk 0:10:34]}
Rd8 {[%clk 0:06:48]} 34. Rhd1 {[%clk 0:10:09]} Rxh2 {[%clk 0:06:23]} 35. f5
{[%clk 0:10:19]} exf5 {[%clk 0:05:44]} 36. Rd5 {[%clk 0:10:20]} Bb6 {[%clk
0:03:54]} 37. Rxf5 {[%clk 0:10:23]} Rd7 {[%clk 0:03:39]} 38. Rdf1 {[%clk
0:07:00]} Rd2 {[%clk 0:03:57]} 39. Rxf7 {[%clk 0:06:57]} Rxd6 {[%clk 0:04:22]}
40. Rf8 {[%clk 0:35:10]} Rd1+ {[%clk 0:32:34]} 41. Rxd1 {[%clk 0:35:22]} Rxd1+
{[%clk 0:32:59]} 42. Kc2 {[%clk 0:35:47]} Rd7 {[%clk 0:33:15]} 43. Rh8 {[%clk
0:35:48]} Be3 {[%clk 0:33:31]} 44. Rxh7 {[%clk 0:36:06]} Bxg5 {[%clk 0:33:55]}
45. Rh5 {[%clk 0:36:18]} Bf6 {[%clk 0:34:09]} 46. b4 {[%clk 0:36:33]} g5 {[%clk
0:33:38]} 47. Rh6 {[%clk 0:36:47]} Be5 {[%clk 0:33:37]} 48. Re6 {[%clk 0:37:02]}
Bd4 {[%clk 0:28:11]} 49. Kd3 {[%clk 0:34:25]} g4 {[%clk 0:27:30]} 50. Re4 {[%clk
0:33:15]} g3 {[%clk 0:27:29]} 51. Ke2 {[%clk 0:33:05]} g2 {[%clk 0:27:40]} 0-1